000 01096nam a22001937a 4500
003 JO-AjAnu
005 20240406100947.0
008 240406b jo ||||| |||| 00| 0 ara d
040 _aJO-AjAnu
_canu
041 _aara
100 _aأحمد، هيام فوزي علي
_eمعد
_965305
245 0 _aفعالية برنامج قائم على استراتيجيات تحليل السلوك التطبيقي في خفض سلوك العدوان لدى طلبة ذوي صعوبات التعلم = The Effectiveness of A Program Based on Applied Behavior Analysis Strategies in Reducing Aggressive Behavior Among Students with Learning Disabilities /
_cاعداد هيام فوزي علي أحمد ؛ اشراف إلهام مصطفى القصيرين
260 _c2023
300 _a170 ورقة
500 _aرسالة جامعية (ماجستير) تخصص صعوبات التعلم / جامعة عجلون الوطنية، 2023
650 7 _vالعدوانية-سلوك-صعوبات التعلم
700 0 _aإلهام مصطفى القصيرين
_eمشرف
_964898
942 _2lcc
_cTHS
_n0
999 _c33430
_d33430